01080nam a2200265 a 450000100060000000300080000600500170001400800410003102000150007202000150008703500190010204000350012104100080015608200240016424501470018826000630033530000320039850002240043050400380065465000310069265000260072370000220074970000210077170000220079266566BD-RjUL20211209081545.0170318s2001 nyua 101 0 eng d a0415271983 a0132204681 a(BD-RjUL)66696 aBD-RjULbengcBD-RjULdBD-RjUL aeng 223a615.6bDRU 200100aDrug delivery and targeting :bfor pharmacists and pharmaceutical scientists /cEdited by Anya M Hillery, Andrew W Lloyd and James Swarbrick. aNew York ;aLondon :bEllis Horwood,cc2001 [reprint 2010] axv, 475p. :bill. ;c23 cm. aBased on the manuscripts of the invited speakers of a symposium entitled "Overcoming cellular barriers to drug targeting and delivery", held at the Center for Bio-Pharmaceutical Sciences, Leiden University, in May 1991. aIncludes bibliographies and index 0aDrug targetingxCongresses 0aDrug delivery systems1 aHillery, Anya M. 1 aLloyd, Andrew W.1 aSwarbrick, James.